World directory of medical schools. (Record no. 45494)
[ view plain ]
| 000 -LEADER | |
|---|---|
| fixed length control field | 00621cam5a220020500 4500 |
| 001 - CONTROL NUMBER | |
| control field | tmp15736546 |
| 003 - CONTROL NUMBER IDENTIFIER | |
| control field | UPRA |
| 005 - DATE AND TIME OF LATEST TRANSACTION | |
| control field | 20190813181759.0 |
| 008 - FIXED-LENGTH DATA ELEMENTS--GENERAL INFORMATION | |
| fixed length control field | 951016s1979 sz eng u |
| 035 ## - SYSTEM CONTROL NUMBER | |
| System control number | (Sirsi) r68774 |
| 035 ## - SYSTEM CONTROL NUMBER | |
| System control number | (UPRA)tmp15736546 |
| 040 ## - CATALOGING SOURCE | |
| Transcribing agency | UPRA |
| 110 2# - MAIN ENTRY--CORPORATE NAME | |
| Corporate name or jurisdiction name as entry element | World Health Organization. |
| Linkage | A1382.1 |
| 245 10 - TITLE STATEMENT | |
| Title | World directory of medical schools. |
| 250 ## - EDITION STATEMENT | |
| Edition statement | 5th ed. |
| 260 ## - PUBLICATION, DISTRIBUTION, ETC. | |
| Place of publication, distribution, etc. | Geneva : |
| Name of publisher, distributor, etc. | World Health Organization, |
| Date of publication, distribution, etc. | 1979. |
| 650 #0 - SUBJECT ADDED ENTRY--TOPICAL TERM | |
| Topical term or geographic name entry element | Medical colleges -- Directories. |
| General subdivision | Medical colleges -- Directories. |
| Linkage | S19484.1 |
| 949 ## - LOCAL PROCESSING INFORMATION (OCLC) | |
| a | R735 |
| w | LC |
| i | -92397 |
| m | MEDICAL |
| t | BOOK |
| l | ON-SHELF |
| Withdrawn status | Lost status | Source of classification or shelving scheme | Damaged status | Not for loan | Home library | Current library | Shelving location | Total Checkouts | Full call number | Barcode | Date last seen | Copy number | Price effective from | Koha item type |
|---|---|---|---|---|---|---|---|---|---|---|---|---|---|---|
| Library of Congress Classification | Medical Library | Medical Library | On Shelf | R735 | -92397 | 08/13/2019 | 1 | 08/13/2019 | Book |